Innovar para Aprender (Registro nro. 10900)

000 -CABECERA
Campo de control de longitud fija 01866nam a22003257a 4500
003 - IDENTIFICADOR DEL NÚMERO DE CONTROL
Campo de control OSt
005 - FECHA Y HORA DE LA ÚLTIMA TRANSACCIÓN
Campo de control 20260624155822.0
008 - CÓDIGOS DE INFORMACIÓN DE LONGITUD FIJA
Campo de control de longitud fija 260624t2025 xxu||||| |||| 00| 0 spa d
040 ## - FUENTE DE LA CATALOGACIÓN
Centro catalogador de origen Unicoc
Lengua de catalogación spa
Centro que cataloga Bogotá (Dr. David Ordóñez Rueda) - Campus Norte
Centro modificador Bogotá (Dr. David Ordóñez Rueda) - Campus Norte
082 ## - NÚMERO DE LA CLASIFICACIÓN DECIMAL DEWEY
Número de documento 371.33
100 ## - PUNTO DE ACCESO PRINCIPAL - NOMBRE DE PERSONA
9 (RLIN) 13134
Nombre de persona Rey Valzacchi, Jorge
245 ## - MENCIÓN DE TÍTULO
Título Innovar para Aprender
Subtitulo o Resto del título : tecnologías que cambian la educación
Mención de responsabilidad etc. / Jorge Rey Valzacchi
250 ## - MENCIÓN DE EDICIÓN
Mención de edición 1 Ed.
260 ## - PUBLICATION, DISTRIBUTION, ETC. (IMPRINT)
Lugar de publicación distribución etc. Argentina :
Nombre del editor distribuidor etc. Instituto Latinoamericano de Desarrollo Profesional Docente ,
Fecha de publicación distribución etc. 2025.
300 ## - DESCRIPCIÓN FÍSICA
Extensión 126 páginas
Otras características físicas Ilustraciones, diagramas, tablas, gráficas
440 ## - MENCIÓN DE SERIE
9 (RLIN) 13135
Título Aprende Virtual
505 ## - NOTA DE CONTENIDO CON FORMATO
Título Guía práctica y conceptual sobre las herramientas, modelos y tendencias que están redefiniendo el aula del siglo XXI. --
-- Parte I - Entender la transformación. --
-- Parte II - Ecosistemas y entornos digitales. --
-- Parte III - Innovar con pedagogía. --
-- Parte IV - Inteligencia artificial y analíticas de aprendizaje. --
-- Parte V - Neuroeducación, inclusión y ética. --
-- Parte VI - Experiencias inmersivas y aprendizaje expandido. --
-- Parte VII - Tendencias tecnológicas emergentes. --

-- Parte VIII - Comunicación y creación digital.
526 ## - NOTA DE INFORMACIÓN SOBRE EL PROGRAMA DE ESTUDIO
Institución que aplica el campo Unicoc
546 ## - NOTA DE LENGUA
Nota de lengua Español
650 #0 - PUNTO DE ACCESO ADICIONAL DE MATERIA - TÉRMINO DE MATERIA
9 (RLIN) 461
Término de materia o nombre geográfico como elemento inicial Educación
Subdivisión de forma Innovaciones tecnológicas
650 #0 - PUNTO DE ACCESO ADICIONAL DE MATERIA - TÉRMINO DE MATERIA
9 (RLIN) 13136
Término de materia o nombre geográfico como elemento inicial Tecnología educativa
650 #0 - PUNTO DE ACCESO ADICIONAL DE MATERIA - TÉRMINO DE MATERIA
9 (RLIN) 6662
Término de materia o nombre geográfico como elemento inicial Innovaciones educativas.
650 #0 - PUNTO DE ACCESO ADICIONAL DE MATERIA - TÉRMINO DE MATERIA
9 (RLIN) 13137
Término de materia o nombre geográfico como elemento inicial Métodos de enseñanza
650 #0 - PUNTO DE ACCESO ADICIONAL DE MATERIA - TÉRMINO DE MATERIA
9 (RLIN) 13140
Término de materia o nombre geográfico como elemento inicial Aprendizaje digital
650 #0 - PUNTO DE ACCESO ADICIONAL DE MATERIA - TÉRMINO DE MATERIA
9 (RLIN) 13141
Término de materia o nombre geográfico como elemento inicial Recursos tecnológicos en educación
650 #0 - PUNTO DE ACCESO ADICIONAL DE MATERIA - TÉRMINO DE MATERIA
9 (RLIN) 13142
Término de materia o nombre geográfico como elemento inicial Ambientes virtuales de aprendizaje
650 #0 - PUNTO DE ACCESO ADICIONAL DE MATERIA - TÉRMINO DE MATERIA
9 (RLIN) 461
Término de materia o nombre geográfico como elemento inicial Educación
Subdivisión de forma Modelos pedagógicos
856 ## - LOCALIZACIÓN Y ACCESO ELECTRÓNICOS
Texto del enlace Acceso online exclusivo para comunidad Unicoc.
Identificador Uniforme del Recurso (URI) https://unicoceduco-my.sharepoint.com/:b:/g/personal/direccionbiblioteca_unicoc_edu_co/IQALARC2hLcyQ59Ds-6j-UxvAZEb_1FOfem-KVeZ1pra4D0
942 ## - ENTRADA PARA ELEMENTOS AGREGADOS (KOHA)
Fuente de clasificación o esquema de ordenación en estanterías
Koha [por defecto] tipo de item Libro electrónico
Existencias
No para préstamo Estado de pérdida Fecha del precio de reemplazo Tipo de item de Koha Precio Código de barras Localización actual Estropeado Fecha última consulta Signatura completa Código de colección Localización permanente Fecha de adquisición Fuente de adquisición Fuente de clasificación o esquema de ordenación en estanterías
  2026-06-24Libro electrónico200000.00Ebook10900Bogotá (Dr. David Ordóñez Rueda) - Campus Norte 2026-06-24371.33Coleccion OnlineBogotá (Dr. David Ordóñez Rueda) - Campus Norte2026-06-24Compra 

© 2014 UNICOC | Institución Universitaria Colegios de Colombia - UNICOC
Bogotá D.C. Autopista Norte Km. 20. Teléfono:(571)6683535
Cali: Calle 13 Norte No. 3N-13. Teléfono: (572)6608887

Con tecnología de Koha